| 000 | 00684nam a2200193Ia 4500 | ||
|---|---|---|---|
| 005 | 20250508162357.0 | ||
| 008 | 008 250505s9999 xx 000 0 eng d | ||
| 020 | _a92-3-101782-9 | ||
| 037 | _aTextual | ||
| 040 |
_aFEDL _beng _cFEDL |
||
| 041 |
_aeng _2eng |
||
| 084 |
_a376, DEB _qFEDL |
||
| 100 |
_aDeble Isabelle _993362 |
||
| 245 | 0 | _aSchool education of girls: An international comparative study on school wastage among girls and boys at the first and second levels of education | |
| 260 |
_aParis, France _bUnited Nations Educational, Scientific and Cultural Organization _c1980 |
||
| 300 | _a180p. | ||
| 942 |
_cTEXL _h376, DEB |
||
| 999 |
_c1376168 _d1376168 |
||